〈物語〉サドンデス - Statistics

General Stats
  • This quiz has been taken 301 times
  • The average score is 7 of 24
Answers on the Grid
Answers color-coded by a green-red scale on the quiz's grid according to % correct below.
鬼物語
駿物語
花物語
翼物語
羽物語
結物語
終物語
神物語
短物語
直物語
生物語
猫物語
混物語
海物語
波物語
死物語
業物語
月物語
暦物語
撫物語
扇物語
戦物語
憑物語
愛物語
愚物語
恋物語
忍物語
宵物語
大物語
夏物語
囮物語
嘘物語
化物語
剣物語
傾物語
傷物語
偽物語
俺物語
余物語
人物語
 
Answer Stats
Answer % Correct
化物語
54%
鬼物語
49%
偽物語
49%
花物語
48%
終物語
47%
囮物語
44%
傷物語
43%
猫物語
36%
恋物語
36%
憑物語
35%
暦物語
32%
忍物語
28%
撫物語
27%
結物語
25%
死物語
24%
愚物語
24%
傾物語
24%
業物語
22%
戦物語
22%
宵物語
22%
扇物語
20%
余物語
15%
短物語
12%
混物語
11%
No matching quizzes found
Score Distribution
Percent of People with Each Score
Percentile by Number Answered
Your Score History
You have not taken this quiz